| 000 | 00559nam a22001697a 4500 | ||
|---|---|---|---|
| 005 | 20251108171932.0 | ||
| 008 | 250721s1981 xx 000 0 ara d | ||
| 082 | 1 | 4 | _aط/725.9/بيج |
| 100 | 1 |
_aخورشيد، إبراهيم _eترجمة |
|
| 245 | 1 | 0 | _aالبرج في العمارة الإسلامية الحربية / |
| 264 | 1 |
_aبيروت : _bدار الكتاب اللبناني، _c1981. |
|
| 300 | _a80ص | ||
| 490 | 0 | _aكتب دائرة المعارف الإسلامية ؛ 6 | |
| 650 | 1 | 7 | _aالأبراج |
| 942 |
_2ddc _cBK |
||
| 999 |
_c66323 _d66323 |
||